[Event "18th Izmir Open 2019"]
[Site "Izmir"]
[Date "2019.09.03"]
[Round "2.3"]
[White "Soysal, Serkan"]
[Black "Ugur, Cem"]
[Result "1-0"]
[WhiteElo "2401"]
[BlackElo "1715"]
[Annotator "TA"]
[PlyCount "115"]
[EventDate "2019.09.02"]
[EventType "swiss"]
[EventCountry "TUR"]
[SourceTitle "playchess.com"]
[Source "ChessBase"]
[SourceQuality "1"]

{[%evp 9,115,0,0,3,9,6,2,1,14,6,39,-39,35,25,57,52,270,222,284,185,179,177,182,170,222,227,280,277,307,269,270,270,269,291,331,328,326,321,317,318,336,328,404,404,391,390,393,339,345,343,337,326,336,335,325,313,316,327,383,389,381,373,639,568,726,665,1576,464,1529,1213,1529,1434,5531,748,29966,29969,29968,29970,29969,29971,29974,29975,29971,29972,29981,29981,29982,29983,29983,29984,29984,29985,29985,29986,29986,29987,29987,29987,29989,29990,29990,29991,29991,29992,29994,29993,29993,29994]} 1. e4 e5 2. f4 Bc5 3. Nf3 Nc6 4. fxe5 Nxe5 (4... Qe7 5. Nc3 Nxe5 6. Nd5 Nxf3+ 7. Qxf3 Qe5 8. d4 Qxd4 9. c3 Qa4 10. Bb5 Qc2 11. b3 c6 12. Nc7+ {0-1 (61) Sigurmundsson,U (1880)-Hauksson,B (1704) Reykjavik 2018}) 5. Nxe5 Qh4+ 6. g3 {C30: King's Gambit Declined} Qxe4+ 7. Qe2 Qxh1 8. Ng6+ $1 {[%mdl 64] Discovered Attack. The position is equal.} Ne7 9. Nxh8 d6 10. Qg2 (10. Nc3 $14 Bh3 11. Nd5 Bf2+ 12. Qxf2 Nxd5 13. Qxf7+ Kd8 14. d3 Qxf1+ 15. Qxf1 Bxf1 16. Nf7+ (16. Kxf1 Kd7 $11) 16... Kd7 17. Ng5 (17. Kxf1 Rf8 $11)) 10... Qg1 $146 ({Black should play} 10... Qxg2 $15 11. Bxg2 Be6) ({Predecessor:} 10... Qxg2 11. Bxg2 c6 12. c3 {1-0 (44) Garcia Seto,J (1573)-Collell Rodriguez,V (1673) Barcelona 2013}) 11. c3 Be6 12. d4 Bxd4 $2 (12... Qxg2 $14 13. Bxg2 Bb6) 13. cxd4 $18 Qxd4 14. Nc3 O-O-O 15. Nxf7 $1 Bxf7 16. Bd2 Nd5 (16... Nc6 $142 17. O-O-O Qc5) 17. O-O-O Nxc3 18. Bxc3 (18. bxc3 Qa4 $16) 18... Qa4 19. b3 ({Don't play} 19. Bxg7 $6 Qxa2 20. Bd3 Qa1+ 21. Kd2 Qa5+ 22. Bc3 Qg5+ 23. Kc2 Bg6 $18) 19... Qa3+ {[#]} 20. Qb2 $1 {[%cal Rb2a3]} Qc5 21. Kb1 Bg6+ 22. Ka1 Rf8 23. Bd4 ({Don't do} 23. Bxg7 Rf2 $18) 23... Qf5 {Black wants to play ...Qxf1.} 24. Bg2 Re8 25. Rc1 ({Don't take} 25. Bxa7 b6 $18) 25... Qg5 26. Qc3 {[%csl Gc1][%cal Rc3c7]} c5 27. b4 {[%cal Rb4c5]} b6 28. bxc5 dxc5 29. h4 Qe7 30. Qf3 Be4 31. Qg4+ Qd7 32. Bh3 Qxg4 33. Bxg4+ Kb7 34. Re1 cxd4 {[#]} 35. Rxe4 $1 {[%mdl 576] Remove Defender} Rxe4 $2 {[%mdl 4096] Endgame KR-KB} (35... Rg8 36. Rxd4 Kc6 37. Bf3+ Kc7) 36. Bf3 Kc7 37. Bxe4 {KB-KP} h6 38. Kb2 (38. h5 $142 Kd6 39. Kb2) 38... Kd6 (38... g5 $142 39. hxg5 hxg5) 39. Kb3 Kc5 40. a4 a5 41. Bd3 (41. h5 $142 b5 42. axb5 Kxb5 43. Bd3+ Kc5 44. Ka4) 41... Kd5 42. h5 {White mates.} Kc5 43. Bc4 Kd6 44. Kc2 Ke5 45. Kd3 Kf5 46. Kxd4 Kg4 47. Bf7 Kxg3 48. Kc4 Kf4 49. Kb5 Ke5 50. Bg6 Kd6 51. Kxb6 Kd5 52. Kxa5 {KB-KPP} Kc5 53. Ka6 Kc6 54. a5 {[%cal Ba4a5,Ba5a6][%mdl 32]} Kc7 55. Kb5 Kb7 56. a6+ Ka7 57. Ka5 Kb8 58. Kb6 {Accuracy: White = 78%, Black = 31%.} 1-0

[Event "18th Izmir Open 2019"]
[Site "Izmir"]
[Date "2019.09.03"]
[Round "2.4"]
[White "Bozkurt, Atilla"]
[Black "Koksal, Ege"]
[Result "0-1"]
[WhiteElo "1721"]
[BlackElo "2375"]
[Annotator "RC"]
[PlyCount "60"]
[EventDate "2019.09.02"]
[EventType "swiss"]
[EventCountry "TUR"]
[SourceTitle "playchess.com"]
[Source "ChessBase"]
[SourceQuality "1"]
[TimeControl "5400+30"]

1. e4 {[%emt 0:18:30]} c6 {[%emt 0:35:30]} 2. d3 {[%emt 0:00:30]} d5 {[%emt 0:00:30]} 3. Nd2 {[%emt 0:04:30]} e5 {[%emt 0:00:30]} 4. Ngf3 {[%emt 0:01:30]} Bd6 {[%emt 0:00:30]} 5. g3 {[%emt 0:00:30]} Nf6 {[%emt 0:00:30]} 6. Bg2 {[%emt 0:00:30]} O-O {[%emt 0:00:30]} 7. O-O {[%emt 0:01:30]} Bg4 {[%emt 0:00:30]} 8. c3 {[%emt 0:01:30]} Nbd7 {[%emt 0:00:30]} 9. Qc2 {[%emt 0:00:30]} Qc7 {[%emt 0:00:30]} 10. Re1 {[%emt 0:00:30]} Rfe8 {[%emt 0:00:30]} 11. Nf1 {[%emt 0:01:30]} h6 {[%emt 0:00:30]} 12. h3 {[%emt 0:00:30]} Be6 {[%emt 0:00:30]} 13. g4 {[%emt 0:00:30]} dxe4 {[%emt 0:00:30]} 14. dxe4 {[%emt 0:00:30]} Bf8 {[%emt 0:00:30]} 15. Ng3 {[%emt 0:00:30]} Nc5 {[%emt 0:00:30]} 16. Be3 {[%emt 0:00:30]} Rad8 {[%emt 0:00:30]} 17. Bf1 {[%emt 0:00:30]} Ncxe4 {[%emt 0:00:30]} 18. Nxe4 {[%emt 0:03:30]} Nxe4 {[%emt 0:05:30]} 19. Qxe4 {[%emt 0:08:30]} Bd5 {[%emt 0:00:30]} 20. Qa4 {[%emt 0:00:30]} Bxf3 {[%emt 0:00:30]} 21. Qxa7 {[%emt 0:00:30]} Qd7 {[%emt 0:00:30]} 22. Bg2 {[%emt 0:10:30]} Bxg2 {[%emt 0:00:30]} 23. Kxg2 {[%emt 0:00:30]} Qd5+ {[%emt 0:00:00]} 24. f3 {[%emt 0:01:30]} b5 {[%emt 0:02:00]} 25. Bf2 {[%emt 0:05:30]} Ra8 {[%emt 0:03:30]} 26. Qb7 {[%emt 0:04:30]} e4 {[%emt 0:02:30]} 27. Rxe4 {[%emt 0:04:30]} Rxe4 {[%emt 0:00:30]} 28. Qxa8 {[%emt 0:00:00]} Rf4 {[%emt 0:00:30]} 29. Bg3 {[%emt 0:13:34]} Qxf3+ {[%emt 0:01:30]} 30. Kh2 {[%emt 0:00:04]} Re4 {[%emt 0:00:30]} 0-1

[Event "18th Izmir Open 2019"]
[Site "Izmir"]
[Date "2019.09.03"]
[Round "2.5"]
[White "Guseynov, Alihan"]
[Black "Ozbag, Berat"]
[Result "1/2-1/2"]
[WhiteElo "2326"]
[BlackElo "1681"]
[Annotator "TA"]
[PlyCount "61"]
[EventDate "2019.09.02"]
[EventType "swiss"]
[EventCountry "TUR"]
[SourceTitle "playchess.com"]
[Source "ChessBase"]
[SourceQuality "1"]

{[%evp 21,61,19,28,29,28,16,20,15,34,0,0,9,26,22,41,12,14,12,16,16,7,0,0,0,0,0,0,0,0,0,0,0,0,0,0,0,0,0,0,0,0,0]} 1. d4 Nf6 2. c4 e6 3. Nc3 d5 4. cxd5 exd5 5. Bg5 Be7 6. e3 c6 7. Bd3 Nbd7 8. Nge2 O-O 9. Qc2 Re8 10. O-O Nf8 11. Rad1 Nh5 12. Bxe7 {D36: Queen's Gambit Declined: Exchange Variation: Main line (5 Bg5 c6 6 Qc2)} Qxe7 13. a3 g6 14. b4 a5 15. Qb3 axb4 16. axb4 Bg4 $146 (16... b5 {feels hotter.} 17. e4 dxe4 18. Bxe4 Bg4 19. Rfe1 Rac8) ({Predecessor:} 16... Ng7 17. Na4 Bf5 18. b5 Ra5 19. bxc6 bxc6 {½-½ (55) Ivanov,S (2524)-Babikov,I (2268) Stockholm 2018}) 17. Ra1 Bxe2 18. Bxe2 (18. Nxe2 {is more complex.} Ne6 19. Rfc1 Nf6 20. Qb2 Qd6 21. g3) 18... Nf6 {The position is equal.} 19. b5 Ne6 20. bxc6 bxc6 21. Rfb1 Rxa1 22. Rxa1 c5 23. dxc5 d4 24. Na4 Nxc5 25. Nxc5 Qxc5 26. Bc4 Re7 {[%cal Rd4e3]} 27. exd4 Qxd4 28. Rd1 Qc5 29. h3 Kg7 30. Qb5 Qxb5 31. Bxb5 {Accuracy: White = 78%, Black = 67%.} 1/2-1/2

[Event "18th Izmir Open 2019"]
[Site "Izmir"]
[Date "2019.09.03"]
[Round "2.6"]
[White "Toksan, Hayati"]
[Black "Kamer, Kayra"]
[Result "0-1"]
[WhiteElo "1587"]
[BlackElo "2304"]
[Annotator "TA"]
[PlyCount "94"]
[EventDate "2019.09.02"]
[EventType "swiss"]
[EventCountry "TUR"]
[SourceTitle "playchess.com"]
[Source "ChessBase"]
[SourceQuality "1"]

{[%evp 13,94,-6,-11,-68,-62,-133,-119,-160,-154,-273,-39,-42,0,0,0,-4,0,-58,-13,-114,-53,-87,-85,-85,-85,-87,-85,-101,-106,-105,-106,-106,-94,-87,-92,-78,-90,-88,-99,-106,-74,-104,-104,-116,-16,-16,-16,-14,-12,-14,-14,-14,-12,-12,-12,-104,-116,-102,-8,-10,-1,-31,-31,-31,-32,-184,-186,-406,-396,-600,-586,-29972,-29967,-29955,-29958,-10783,-11843,-29975,-29977,-29977,-29976,-29976,-12508]} 1. d4 Nf6 2. Nf3 g6 3. c4 Bg7 4. Nc3 d5 5. g3 O-O 6. Bg2 Nc6 7. Ne5 dxc4 8. Bxc6 $146 {D74: Fianchetto Grünfeld: Main Line (5 Nf3 0-0 6 cxd5 Nxd5 7 0-0)} (8. Nxc6 $11 bxc6 9. Bxc6) ({Predecessor:} 8. Nxc6 bxc6 9. O-O Bb7 10. e4 Rb8 11. Be3 Bc8 12. h3 Rxb2 13. Qc1 Rb7 14. Rd1 Nd7 15. Bh6 Bxh6 16. Qxh6 {½-½ (24) Gabuzyan,H (2540)-Fedoseev,V (2565) Budva 2013}) 8... bxc6 $15 9. Nxc6 (9. O-O $15) 9... Qd7 $17 10. Ne5 {Black is better.} Qh3 {aiming for ...Qg2.} 11. Be3 (11. Qa4 $17) 11... Ng4 $2 ({Black should play} 11... Qg2 $19 12. Kd2 c5 $1 {[%mdl 512]}) 12. Nxg4 $1 $15 Qxg4 13. f3 $36 {[%mdl 2048] Black is under pressure.} Qe6 14. Qd2 Rd8 15. Ne4 (15. d5 $11 Bxc3 16. Qxc3 Rxd5 17. Kf2) 15... Rb8 16. O-O (16. Kf2 $11) 16... Qb6 ({Black should try} 16... f5 $17 17. Nc3 Qxe3+ $1 {[%mdl 512]} 18. Qxe3 Bxd4 19. Qxd4 Rxd4) 17. b3 cxb3 18. axb3 Bxd4 19. Bxd4 Rxd4 20. Qa5 Rb4+ 21. Qxb6 axb6 22. Ra7 Bb7 23. Nd2 c5 24. Rc1 Kf8 25. Rc3 Bd5 26. Kf2 Ra8 27. Rxa8+ Bxa8 28. Rc4 Rxc4 (28... Bd5 $17 29. Rxb4 cxb4) 29. Nxc4 $17 {[%mdl 4096] Endgame KB-KN} b5 30. Ne5 Ke8 31. e4 f6 32. Nd3 c4 33. bxc4 bxc4 34. Nb2 (34. Nc5 $11 {keeps the balance.}) 34... c3 35. Nd3 {[#]} Kd7 (35... c2 $1 $17) 36. Ke3 $11 Kd6 37. Kd4 c2 38. Kc3 f5 39. e5+ $2 (39. exf5 $15 g5 40. f4 gxf4 41. gxf4) 39... Kd5 $19 40. Kxc2 $2 (40. Kd2) 40... Kd4 41. Ne1 {[#]} (41. Kd2 $142 Bxf3 42. h4) 41... Ke3 $1 42. f4 Be4+ 43. Kd1 Kf2 44. Kd2 Kg1 45. h3 Kh2 {Black mates.} 46. g4 Kxh3 47. g5 Kg3 {Accuracy: White = 35%, Black = 57%.} 0-1

[Event "18th Izmir Open 2019"]
[Site "Izmir"]
[Date "2019.09.03"]
[Round "2.7"]
[White "Isik, Alparslan"]
[Black "Sircan, Ahmet Kursat"]
[Result "1-0"]
[WhiteElo "2200"]
[BlackElo "1634"]
[Annotator "ChessBase"]
[PlyCount "97"]
[EventDate "2019.09.02"]
[EventType "swiss"]
[EventCountry "TUR"]
[SourceTitle "playchess.com"]
[Source "ChessBase"]
[SourceQuality "1"]
[TimeControl "5400+30"]

1. d4 {[%emt 0:17:30]} Nf6 {[%emt 0:28:30]} 2. c4 {[%emt 0:00:30]} g6 {[%emt 0:00:30]} 3. Nc3 {[%emt 0:00:30]} Bg7 {[%emt 0:00:30]} 4. e4 {[%emt 0:00:30]} d6 {[%emt 0:00:30]} 5. Be2 {[%emt 0:00:30]} O-O {[%emt 0:00:30]} 6. Be3 {[%emt 0:00:30]} Na6 {[%emt 0:01:30]} 7. Qd2 {[%emt 0:00:30]} c5 {[%emt 0:00:30]} 8. d5 {[%emt 0:00:30]} Nc7 {[%emt 0:00:30]} 9. h3 {[%emt 0:00:30]} Bd7 {[%emt 0:03:30]} 10. Nf3 {[%emt 0:00:30]} a6 {[%emt 0:00:00]} 11. e5 {[%emt 0:01:30]} Nfe8 {[%emt 0:00:00]} 12. exd6 {[%emt 0:00:30]} exd6 {[%emt 0:00:30]} 13. O-O {[%emt 0:00:30]} b5 {[%emt 0:00:30]} 14. Bg5 {[%emt 0:02:30]} f6 {[%emt 0:12:30]} 15. Bf4 {[%emt 0:00:30]} bxc4 {[%emt 0:06:30]} 16. a4 {[%emt 0:07:30]} Rb8 {[%emt 0:07:30]} 17. Bxc4 {[%emt 0:01:30]} Rb4 {[%emt 0:01:30]} 18. b3 {[%emt 0:00:30]} g5 {[%emt 0:03:30]} 19. Bh2 {[%emt 0:08:30]} f5 {[%emt 0:03:30]} 20. Rac1 {[%emt 0:03:30]} h6 {[%emt 0:04:30]} 21. Ne1 {[%emt 0:04:30]} f4 {[%emt 0:05:06]} 22. Nd3 {[%emt 0:03:30]} Rb8 {[%emt 0:00:09]} 23. Rfe1 {[%emt 0:00:30]} Qf6 {[%emt 0:04:38]} 24. Ne4 {[%emt 0:08:30]} Qd4 {[%emt 0:00:04]} 25. Qa5 {[%emt 0:03:30]} Kh8 {[%emt 0:08:34]} 26. Rcd1 {[%emt 0:01:30]} Bf5 {[%emt 0:04:34]} 27. Nxf4 {[%emt 0:01:30]} Qxd1 {[%emt 0:01:59]} 28. Rxd1 {[%emt 0:00:30]} Bxe4 {[%emt 0:00:08]} 29. Ne6 {[%emt 0:01:30]} Nxe6 {[%emt 0:00:01]} 30. dxe6 {[%emt 0:00:30]} Bd4 {[%emt 0:01:21]} 31. Rxd4 {[%emt 0:00:30]} cxd4 {[%emt 0:00:13]} 32. Bxd6 {[%emt 0:00:00]} Nxd6 {[%emt 0:01:04]} 33. Qe5+ {[%emt 0:00:00]} Kh7 {[%emt 0:00:27]} 34. Qxd6 {[%emt 0:00:00]} Bg6 {[%emt 0:00:51]} 35. Qd7+ {[%emt 0:00:00]} Kh8 {[%emt 0:00:10]} 36. Qxd4+ {[%emt 0:00:30]} Kh7 {[%emt 0:00:18]} 37. Qa7+ {[%emt 0:00:30]} Kh8 {[%emt 0:00:02]} 38. Qxa6 {[%emt 0:00:30]} Rf6 {[%emt 0:01:00]} 39. Qa7 {[%emt 0:00:30]} Re8 {[%emt 0:00:45]} 40. a5 {[%emt 0:01:30]} Bf5 {[%emt 0:00:56]} 41. Qd7 {[%emt 0:00:30]} Rexe6 {[%emt 0:00:24]} 42. Bxe6 {[%emt 0:00:30]} Rxe6 {[%emt 0:00:11]} 43. Qd8+ {[%emt 0:00:30]} Kg7 {[%emt 0:00:10]} 44. b4 {[%emt 0:00:30]} Kf7 {[%emt 0:00:23]} 45. b5 {[%emt 0:00:30]} Re8 {[%emt 0:00:16]} 46. Qd5+ {[%emt 0:00:30]} Be6 {[%emt 0:00:12]} 47. Qf3+ {[%emt 0:00:00]} Ke7 {[%emt 0:00:36]} 48. a6 {[%emt 0:00:00]} Kd6 {[%emt 0:00:14]} 49. Qc6+ {[%emt 0:00:30]} 1-0

[Event "18th Izmir Open 2019"]
[Site "Izmir"]
[Date "2019.09.03"]
[Round "2.8"]
[White "Karatas, Kursat"]
[Black "Annaberdiyev, Babageldi"]
[Result "0-1"]
[WhiteElo "1731"]
[BlackElo "2205"]
[Annotator "TA"]
[PlyCount "96"]
[EventDate "2019.09.02"]
[EventType "swiss"]
[EventCountry "TUR"]
[SourceTitle "playchess.com"]
[Source "ChessBase"]
[SourceQuality "1"]

{[%evp 11,96,5,28,0,22,-3,5,-12,0,0,0,0,0,-20,-29,-33,0,0,12,0,-2,-20,-12,-91,-96,-95,-85,-88,-85,-99,-97,-91,-95,-97,-84,-95,-96,-189,-189,-189,-184,-224,-77,-66,-3,-384,-380,-434,-429,-493,-487,-485,-485,-470,-470,-470,-454,-449,-443,-1018,-950,-984,-967,-1097,-1067,-1866,-1788,-1652,-1448,-29975,-29969,-29967,-5804,-29976,-29977,-29977,-29978,-29978,-29978,-29978,-29979,-29980,-29980,-29983,-29984,-29984,-29985]} 1. e4 c5 2. Nc3 e6 3. f4 a6 4. g3 b5 5. Bg2 Bb7 6. d3 d5 7. exd5 {Strongly threatening Qe2. B23: Closed Sicilian: Lines without g3} (7. Qe2 Be7 8. Nf3 d4 9. Nd1 Nc6 10. O-O Nf6 11. Nf2 Qb6 12. a4 h6 13. h4 Qc7 14. Bh3 Nd7 15. axb5 axb5 16. Rxa8+ Bxa8 {0-1 (56) Sambuev,B (2524)-Kovalyov,A (2651) Edmonton 2018}) 7... Nf6 8. Qe2 Nxd5 9. Bd2 {The position is equal.} (9. Nf3 {feels hotter.} Be7 10. Ne5 Nxc3 11. bxc3 Bxg2 12. Qxg2 Qd5 13. O-O) 9... Nxc3 10. Bxc3 Bxg2 11. Qxg2 Qd5 12. Qxd5 exd5 13. Nf3 b4 $146 ({Predecessor:} 13... f6 14. Kf2 Kf7 {1-0 (41) Valner,U (2102)-Guramishvili,S (2273) Sibenik 2007}) 14. Bd2 Bd6 15. Kf2 Nc6 16. Rhe1+ Kd7 17. Ne5+ (17. c4 $11 {keeps the balance.}) 17... Bxe5 $1 $17 18. fxe5 Rhe8 19. Bf4 Ke6 20. c3 bxc3 21. bxc3 Rab8 22. Rab1 h6 23. g4 d4 24. Rxb8 (24. cxd4 $17 {keeps fighting.} cxd4 25. h4) 24... Rxb8 $19 25. cxd4 cxd4 $17 {[%mdl 4096] Endgame KRB-KRN} 26. Kf3 {[#]} Rb2 (26... g5 $1 $19 {[%cal Rg5f4] is more deadly.} 27. Bg3 Rb2) 27. Ke4 g5 ({Better is} 27... Rxa2 $15 28. Rc1 Kd7) 28. Bg3 $2 {[%mdl 8192]} (28. Rc1 $11 {and White stays safe.} Ne7 29. Bg3) 28... Rxa2 $19 29. h3 a5 {[%cal Ba6a5,Ba5a4][%mdl 32]} 30. Kf3 Rd2 31. Ke4 a4 32. Ra1 Re2+ 33. Kf3 Re3+ {[%mdl 64] [#] Double Attack} 34. Kf2 Nxe5 35. Bxe5 (35. Kg2 $142 Rxd3 36. Rxa4 Rd2+ 37. Kf1) 35... Kxe5 36. Rxa4 Rxd3 {KR-KR} 37. Ra5+ Ke4 38. Rf5 Rxh3 39. Rxf7 d3 40. Kg2 Rh4 41. Re7+ Kf4 (41... Kd4 $142 42. Kf3 Rh3+ 43. Kg2 Re3 44. Rd7+ Kc3 45. Kf2 Re4 46. Kf3 Rd4 47. Rc7+ Kd2 48. Ra7 Rf4+ 49. Kg3 Ke3 50. Re7+ Re4 51. Rf7 d2 52. Rf1 Ke2 53. Rh1 Re3+ 54. Kg2 d1=Q 55. Rxd1 Kxd1 56. Kf2 Kd2 57. Kg1 Ke2 58. Kg2 Rd3 59. Kh1 Kf2 60. Kh2 Re3 61. Kh1 Rh3#) 42. Rf7+ Ke3 {Black mates.} 43. Re7+ Kd2 44. Kg3 Kc2 45. Rc7+ Kd1 46. Rc6 d2 47. Rc7 h5 48. gxh5 Ke2 {Accuracy: White = 20%, Black = 58%.} 0-1

[Event "18th Izmir Open 2019"]
[Site "Izmir"]
[Date "2019.09.03"]
[Round "2.9"]
[White "Yilmaz, Turhan"]
[Black "Hatipoglu, Metin"]
[Result "1-0"]
[WhiteElo "2180"]
[BlackElo "1634"]
[Annotator "TA"]
[PlyCount "55"]
[EventDate "2019.09.02"]
[EventType "swiss"]
[EventCountry "TUR"]
[SourceTitle "playchess.com"]
[Source "ChessBase"]
[SourceQuality "1"]

{[%evp 13,55,27,27,19,67,68,71,55,70,72,92,94,107,71,85,75,70,55,87,28,30,14,55,-43,0,-26,702,695,699,697,657,627,629,622,612,629,629,629,623,616,615,609,623,593]} 1. e4 c5 2. Nf3 e6 3. d4 cxd4 4. Nxd4 a6 5. Nc3 Qc7 6. Bd3 Nc6 7. Nxc6 dxc6 8. f4 {B43: Sicilian: Kan Variation: 5 Nc3} (8. O-O e5 9. f4 Nf6 10. Kh1 Bd6 11. f5 Bc5 12. a4 a5 13. Qf3 b6 14. Qg3 Rg8 15. Bg5 Qe7 16. Rad1 h6 17. Be3 Bxe3 18. Qxe3 {1-0 (50) Guseinov,G (2621)-Korneev,O (2618) Nakhchivan 2014}) 8... Bc5 9. Qf3 $146 ({Predecessor:} 9. Bd2 b5 10. Qg4 Bf8 11. O-O-O f6 12. f5 e5 13. Be2 Bc5 14. Qh3 Ne7 15. Qh5+ Kf8 {1-0 (33) Stelzer,H (2251)-Engel,J (2176) Germany 2007}) 9... Bd7 10. Bd2 {White is better.} Ne7 11. O-O-O b5 12. Kb1 a5 13. e5 Nd5 14. Ne4 Be7 15. c3 $36 {[%mdl 2048] White has good play.} c5 16. c4 (16. f5 $16) 16... bxc4 $11 17. Bxc4 {aiming for Qg3.} Nb6 18. Bc3 (18. Bd3 $14) 18... O-O (18... Bc6 $5 {[%cal Rb6c4]} 19. Bd3 Nd5 $11) 19. Bd3 {Hoping for Nf6+!} c4 $2 {[%mdl 8192] [#]} (19... Na4 $11) 20. Nf6+ $1 $18 {[%mdl 576] Discovered Attack. White is clearly winning.} Bxf6 {[#]} (20... gxf6 21. Bxh7+) 21. Bxh7+ $1 {[%mdl 512]} Kxh7 22. Qh5+ Kg8 23. exf6 {Threatening mate with Qg5!} Qxf4 {Threatens to win with ...g6.} 24. fxg7 {[%csl Gc3,Gg7][%cal Rh5h8]} Qf5+ 25. Qxf5 exf5 26. gxf8=Q+ Kxf8 27. Rd6 Rb8 28. Bd4 {Accuracy: White = 56%, Black = 35%.} 1-0

[Event "18th Izmir Open 2019"]
[Site "Izmir"]
[Date "2019.09.03"]
[Round "3.1"]
[White "Taspinar, Yanki"]
[Black "Shanava, Konstantine"]
[Result "1-0"]
[WhiteElo "1970"]
[BlackElo "2500"]
[Annotator "RC"]
[PlyCount "83"]
[EventDate "2019.09.02"]
[EventType "swiss"]
[EventCountry "TUR"]
[SourceTitle "playchess.com"]
[Source "ChessBase"]
[SourceQuality "1"]
[TimeControl "5400+30"]

1. e4 {[%emt 0:02:30]} c5 {[%emt 0:00:30]} 2. Nf3 {[%emt 0:00:30]} Nc6 {[%emt 0:00:00]} 3. d4 {[%emt 0:00:00]} cxd4 {[%emt 0:00:00]} 4. Nxd4 {[%emt 0:00:00]} Nf6 {[%emt 0:00:00]} 5. Nc3 {[%emt 0:00:30]} d6 {[%emt 0:00:00]} 6. Be3 {[%emt 0:00:30]} a6 {[%emt 0:02:30]} 7. f3 {[%emt 0:00:30]} e5 {[%emt 0:00:30]} 8. Nb3 {[%emt 0:00:00]} Be7 {[%emt 0:00:30]} 9. Qd2 {[%emt 0:00:00]} Be6 {[%emt 0:00:30]} 10. O-O-O {[%emt 0:00:30]} Rc8 {[%emt 0:00:30]} 11. g4 {[%emt 0:03:30]} Na5 {[%emt 0:01:30]} 12. Kb1 {[%emt 0:00:30]} h6 {[%emt 0:01:30]} 13. Nd5 {[%emt 0:09:30]} Nxd5 {[%emt 0:03:30]} 14. exd5 {[%emt 0:00:00]} Nxb3 {[%emt 0:00:30]} 15. axb3 {[%emt 0:01:00]} Bd7 {[%emt 0:00:00]} 16. Be2 {[%emt 0:00:30]} h5 {[%emt 0:15:00]} 17. h3 {[%emt 0:05:30]} f5 {[%emt 0:00:30]} 18. f4 {[%emt 0:06:30]} e4 {[%emt 0:07:30]} 19. Rhg1 {[%emt 0:05:30]} Bf6 {[%emt 0:10:30]} 20. gxh5 {[%emt 0:03:30]} Kf8 {[%emt 0:00:30]} 21. Bd4 {[%emt 0:04:30]} Be8 {[%emt 0:04:30]} 22. Bxf6 {[%emt 0:01:30]} gxf6 {[%emt 0:00:30]} 23. Rg3 {[%emt 0:02:30]} Bf7 {[%emt 0:00:30]} 24. Rdg1 {[%emt 0:01:30]} Qb6 {[%emt 0:03:30]} 25. c4 {[%emt 0:06:30]} a5 {[%emt 0:03:30]} 26. Qc3 {[%emt 0:01:30]} Ke7 {[%emt 0:00:00]} 27. Rg7 {[%emt 0:07:30]} Qb4 {[%emt 0:00:00]} 28. Qd4 {[%emt 0:01:30]} Qc5 {[%emt 0:02:30]} 29. Qc3 {[%emt 0:01:30]} Qf2 {[%emt 0:09:30]} 30. R1g6 {[%emt 0:01:30]} Qh4 {[%emt 0:00:00]} 31. Qd4 {[%emt 0:05:30]} Rc7 {[%emt 0:13:00]} 32. Ka2 {[%emt 0:04:30]} Ra8 {[%emt 0:03:09]} 33. h6 {[%emt 0:04:30]} Rf8 {[%emt 0:02:07]} 34. h7 {[%emt 0:02:25]} Rh8 {[%emt 0:04:07]} 35. Bh5 {[%emt 0:01:09]} Kf8 {[%emt 0:02:37]} 36. Rxf6 {[%emt 0:00:33]} Qxh5 {[%emt 0:01:44]} 37. Rfxf7+ {[%emt 0:01:24]} Rxf7 {[%emt 0:02:59]} 38. Rxf7+ {[%emt 0:00:30]} Kxf7 {[%emt 0:00:30]} 39. Qxh8 {[%emt 0:00:30]} Qg6 {[%emt 0:00:30]} 40. c5 {[%emt 0:00:34]} dxc5 {[%emt 0:02:43]} 41. d6 {[%emt 0:00:25]} a4 {[%emt 0:00:25]} 42. Qg8+ {[%emt 0:00:12]} 1-0

[Event "18th Izmir Open 2019"]
[Site "Izmir"]
[Date "2019.09.03"]
[Round "3.2"]
[White "Yilmazyerli, Mert"]
[Black "Cakiroglu, Metin"]
[Result "1-0"]
[WhiteElo "2417"]
[BlackElo "1934"]
[Annotator "TA"]
[PlyCount "101"]
[EventDate "2019.09.02"]
[EventType "swiss"]
[EventCountry "TUR"]
[SourceTitle "playchess.com"]
[Source "ChessBase"]
[SourceQuality "1"]

{[%evp 18,101,19,-6,0,0,10,0,0,0,26,-7,25,33,31,18,27,21,65,46,70,28,82,89,72,34,31,15,42,45,196,60,126,129,192,190,194,186,188,191,189,174,182,188,187,191,204,190,182,186,214,191,239,200,235,225,280,284,275,216,406,202,350,366,352,340,337,335,320,233,320,281,528,482,544,514,1009,1009,977,972,916,897,785,712,1001,945]} 1. e4 e5 2. Nf3 Nf6 3. Nc3 Nc6 4. g3 d5 5. exd5 Nxd5 6. Bg2 Nxc3 7. bxc3 Bc5 8. O-O O-O 9. Re1 Re8 10. d3 Bg4 {C47: Scotch Four Knights and Four Knights with 4 g3} 11. h3 Bh5 12. g4 (12. Rb1 Bb6 13. Be3 Qd7 14. g4 Bg6 15. Nh4 Rad8 16. Qe2 Qe7 17. Nf5 Qe6 18. Be4 Qxa2 19. Rb3 Na5 20. Rb4 Qe6 {0-1 (56) De la Riva Aguado,O (2528)-Ponomariov,R (2734) Andorra 2003}) 12... Bg6 {The position is equal.} 13. Ng5 Qd7 14. Ne4 Bf8 $146 ({Predecessor:} 14... Bb6 15. Ba3 Nd8 16. Nc5 Bxc5 17. Bxc5 c6 18. Rb1 {0-1 (57) Bentivegna,F (2250)-Dervishi,E (2486) Bratto 2004}) 15. Qf3 $36 {[%mdl 2048] White has the initiative.} Rad8 16. h4 f5 17. gxf5 Qxf5 18. Qg3 Bh5 19. Kh2 Qg4 (19... Be7 $11 {remains equal.}) 20. Qxg4 $16 Bxg4 21. Rg1 Be7 22. Ng5 {aiming for Bxc6.} Bf5 23. Rb1 h6 $2 (23... Bc8 $14) 24. Ne4 (24. Rxb7 $18 Nb8 25. Ne4) 24... Rb8 {[#]} ({Black should play} 24... b6 $14) 25. Bxh6 $1 {[%mdl 512]} Bxh4 (25... Kf7 $16) (25... gxh6 26. Bh3+) 26. Bh3 $18 Bxh3 27. Kxh3 Kh7 28. Rxg7+ ({Much less strong is} 28. Kxh4 $6 Kxh6 29. Rg4 g6 $16) 28... Kxh6 {[#]} 29. Rg4 $1 {Hoping for Rbg1.} Rg8 30. Rxh4+ Kg6 31. Rg1+ Kf5 32. Rh6 {[%csl Ge4][%cal Rh6f6]} Rh8 33. Rgg6 {[%csl Ge4,Gh6][%cal Rg6f6]} Rbf8 34. Kg3 {[%csl Ge4][%cal Rg6g5]} Rfg8 35. Kf3 {[%cal Re4g3]} Rxg6 36. Rxh8 {[%mdl 4096] Endgame KRN-KRN} Ne7 37. Rh7 Nd5 38. Rd7 Nf4 $2 (38... Nf6 39. Rxc7 Nxe4) 39. Ng3+ (39. Rf7+ $142 Ke6 40. Rxc7) 39... Kg5 (39... Ke6 $142 40. Rxc7 Rf6) 40. Rxc7 Ra6 41. Rxb7 Rxa2 42. Rb5 Ng6 43. Ke3 Kg4 44. Ne4 a5 $2 (44... Rxc2 45. d4 Rc1 46. f3+ (46. dxe5 Re1+ 47. Kd4 Rd1+ 48. Kc5 Nxe5 $14) 46... Kf5) 45. d4 {White is clearly winning.} Rxc2 46. Rxa5 Nf4 (46... exd4+ $142 47. cxd4 Nf8 48. Rg5+ Kh3) 47. f3+ Kh3 48. Rxe5 Ng2+ 49. Kd3 {White wants to mate with Rh5+.} Ne1+ 50. Kc4 Kg2 51. Ng5 {Accuracy: White = 57%, Black = 32%.} 1-0